Minecraft: biomi casuali - Statistics

Statistiche generali
  • Questo quiz è stato fatto 20 volte
  • Il punteggio medio è 3 su 7
Statistiche sulle risposte
con Immagini Risposta % Corretto
End
100%
Nether
100%
Overworld
21%
Overworld (Deserto)
7%
Overworld (foresta)
7%
Overworld (Montagna)
7%
Overworld (villaggio)
7%
Nessun quiz corrispondente trovato
Distribuzione punteggi
Percentuale di utenti per punteggio
Percentile per numero di risposta
I tuoi punteggi nel tempo
Non hai fatto questo quiz